| 000 | 00462nam a2200181Ia 4500 | ||
|---|---|---|---|
| 001 | 7574 | ||
| 005 | 20260306160505.0 | ||
| 008 | 260306t2017||||xx |||||||||||||| ||spa|| | ||
| 041 | _aESP | ||
| 082 |
_a351.81 _bG27 |
||
| 100 |
_aGaspar, Ricardo Carlos _eAUT |
||
| 245 | 0 |
_aEconomia, política e território: _bo plano diretor de Sao Paulo |
|
| 260 | _c2017 | ||
| 300 |
_a195 páginas : _c22 cm. |
||
| 650 | _aGEN | ||
| 654 | _aCAN | ||
| 942 |
_cLIB _dJUS _fJUS _2ddc _n |
||
| 999 |
_c7574 _d7574 |
||